000 00741cam a2200277 a 4500
001 31745
003 BD-RjUL
005 20211209051737.0
008 140422s1971 enka b 001 0 eng
020 _a0297004557
035 _a(BD-RjUL)31833
035 _a1079467
040 _aLC
_beng
_cLC
_dXNTU
_dBD-RjUL
041 _aeng
082 0 4 _a954.147
_220
_bMOC 1974
100 1 _aMoorhouse, Geoffrey,
_d1931-
_996614
245 1 0 _aCalcutta /
_cGeoffrey Moorhouse.
260 _aLondon :
_bWeidenfeld,
_c1974.
300 _axvi, 376 p. :
_bill. ;
_c23 cm.
500 _aIncludes index.
504 _aBibliography: p. 348-350.
651 0 _aCalcutta (India)
_996615
942 _2ddc
_cBK
999 _c31745
_d31745